Tilastot visalle SDP:n puheenjohtajat

Klikkaa tästä pelataksesi tätä visaa!

Yleistilastot

  • Tätä visaa on pelattu 111 kertaa
    (27 viimeisimmän päivityksen jälkeen)
  • Keskiarvotulos 12 / 28

Vastaustilastot

VuosiPuheenjohtaja% Oikein
2020-2023Sanna Marin
100%
2014-2020Antti Rinne
90%
1975-1987Kalevi Sorsa
90%
2023-Antti Lindtman
85%
2008-2014Jutta Urpilainen
85%
1993-2005Paavo Lipponen
85%
1957-1963Väinö Tanner
80%
1918-1926Väinö Tanner
80%
1987-1991Pertti Paasio
55%
1963-1975Rafael Paasio
55%
2005-2008Eero Heinäluoma
40%
1991-1993Ulf Sundqvist
35%
1917-1918Kullervo Manner
30%
1911-1913Otto Wille Kuusinen
30%
1946-1957Emil Skog
25%
1913-1917Matti Paasivuori
25%
1909-1911Matti Paasivuori
25%
1926-1930Matti Paasivuori
25%
1899-1900Nils Robert af Ursin
20%
1944-1946Onni Hiltunen
20%
1906-1909Edvard Valpas-Hänninen
15%
1905-1906Emil Perttilä
15%
1900J.A. Salminen
15%
1917J. Pietikäinen
15%
1930-1942Kaarlo Harvala
15%
1900-1903Karl Fredrik Hellsten
15%
1903-1905Taavi Tainio
15%
1942-1944Väinö Salovaara
15%

Tulosjakauma

Persentiili vastausten määrän mukaan

Jokaisen tuloksen saaneiden osuus

Tuloshistoriasi

Et ole pelannut tätä visaa sen viimeisimmän päivityksen jälkeen